| 000 | 00591nam a2200229Ia 4500 | ||
|---|---|---|---|
| 999 |
_c7189 _d7189 |
||
| 020 | _a9788187496915 | ||
| 082 | _a362.1 SOC- | ||
| 245 | 0 | _aSocialist register 2010: Morbid symptons:health under capitalism | |
| 260 |
_aNew Delhi _bLeftword Books _c2009 |
||
| 300 | _axiv, 325 | ||
| 440 | _aSocial register: 2010 | ||
| 650 | _aHealth | ||
| 650 | _aWellness | ||
| 650 | _aMedical corporations | ||
| 650 | _aMedical economics | ||
| 650 | _aHealth planning | ||
| 650 | _aMedical policy | ||
| 700 | _aPanitch, Leo | ||
| 700 | _aLeys, Colin | ||
| 700 | _aChibber, Vivek | ||
| 942 | _cBK | ||